00363 a2200121 4500001001000000005001700010008004100027245004400068100001900112700002200131773007100153999001700224ART_1169820260410161859.0260409a 10aThe polítical economy of a tax reform1 aBruno, Michael1 aBen-Porath, Yoram0 tJournal of public economicsg- Vol. 7, Nº 3 (jun. 1977)wREV11485 c25749d25749